BIBLE STORIES FOR CLASSROOM AND ASSEMBLY (Record no. 3961)

MARC details
000 -LEADER
fixed length control field 00600nam a22001817a 4500
003 - CONTROL NUMBER IDENTIFIER
control field OSt
005 - DATE AND TIME OF LATEST TRANSACTION
control field 20220824092310.0
008 - FIXED-LENGTH DATA ELEMENTS--GENERAL INFORMATION
fixed length control field 220824b |||||||| |||| 00| 0 eng d
020 ## - INTERNATIONAL STANDARD BOOK NUMBER
International Standard Book Number 0-900274-54-9
040 ## - CATALOGING SOURCE
Transcribing agency CML
082 ## - DEWEY DECIMAL CLASSIFICATION NUMBER
Edition number 20
Classification number 220.9505PRI
245 ## - TITLE STATEMENT
Title BIBLE STORIES FOR CLASSROOM AND ASSEMBLY
Remainder of title THE NEW TESTAMENT
Statement of responsibility, etc. JACK G. PRIESTLEY
250 ## - EDITION STATEMENT
Edition statement FIRST EDITION
260 ## - PUBLICATION, DISTRIBUTION, ETC.
Place of publication, distribution, etc. NORWICH
Name of publisher, distributor, etc. EXETER FOR CHANISTOR PUBLICATIONS LTD
Date of publication, distribution, etc. 1992
300 ## - PHYSICAL DESCRIPTION
Extent 234p. , 2 maps, 21cm
Other physical details it has appendices and it also contains an index
600 ## - SUBJECT ADDED ENTRY--PERSONAL NAME
Fuller form of name ANGELA M. HORTON
942 ## - ADDED ENTRY ELEMENTS (KOHA)
Source of classification or shelving scheme Dewey Decimal Classification
Koha item type Books
Edition FIRST EDITION
Call number prefix 220.9505
Call number suffix PRI
Holdings
Withdrawn status Lost status Source of classification or shelving scheme Damaged status Not for loan Collection code Home library Current library Shelving location Date acquired Inventory number Total Checkouts Full call number Barcode Date last seen Copy number Price effective from Koha item type
    Dewey Decimal Classification     Religion Chalimbana Main Library Chalimbana Main Library Religion 08/24/2022 603679   220.9505PRI 9780900274542 08/24/2022 1 08/24/2022 Books
    Dewey Decimal Classification     Religion Chalimbana Main Library Chalimbana Main Library Religion 08/24/2022 603679   220.9505PRI 9780900274543 08/24/2022 2 08/24/2022 Books
    Dewey Decimal Classification     Religion Chalimbana Main Library Chalimbana Main Library Religion 08/24/2022 603679   220.9505PRI 9780900274544 08/24/2022 3 08/24/2022 Books
    Dewey Decimal Classification     Religion Chalimbana Main Library Chalimbana Main Library Religion 08/24/2022 603679   220.9505PRI 9780900274545 08/24/2022 4 08/24/2022 Books
    Dewey Decimal Classification     Religion Chalimbana Main Library Chalimbana Main Library Religion 08/24/2022 603679   220.9505PRI 9780900274546 08/24/2022 5 08/24/2022 Books
    Dewey Decimal Classification     Religion Chalimbana Main Library Chalimbana Main Library Religion 08/24/2022 603679   220.9505PRI 9780900274547 08/24/2022 6 08/24/2022 Books
    Dewey Decimal Classification     Religion Chalimbana Main Library Chalimbana Main Library Religion 08/24/2022 603679   220.9505PRI 9780900274548 08/24/2022 7 08/24/2022 Books
    Dewey Decimal Classification     Religion Chalimbana Main Library Chalimbana Main Library Religion 08/24/2022     220.9505PRI   08/24/2022 8 08/24/2022 Books

Powered by Koha